Normal view
MARC view
- Wiltshire and Co.
Entry Corporate Name
001 - CONTROL NUMBER
- control field: 5452
003 - CONTROL NUMBER IDENTIFIER
- control field: SIRSI
005 - DATE AND TIME OF LATEST TRANSACTION
- control field: 20190806150243.0
008 - FIXED-LENGTH DATA ELEMENTS
- fixed length control field: 071116n| acannaabn |n ana d
040 ## - CATALOGING SOURCE
- Original cataloging agency: OSt
- Transcribing agency: OSt
110 2# - HEADING--CORPORATE NAME
- Corporate name or jurisdiction name as entry element: Wiltshire and Co.
670 ## - SOURCE DATA FOUND
- Source citation: Monthly register of land, houses, shops, freehold & leasehold properties & ground rents &c. to be let or sold, [c. 1910?]